Esprit civique et organisation citadine dans l'Empire ottoman (XVe-XXe siècles) /
المؤلف الرئيسي:
التنسيق: كتاب
اللغة: English
منشور في:
Leiden ; Boston :
Brill,
[2019].
سلاسل:
The Ottoman Empire and its heritage ;
64.
الموضوعات:
الوسوم: إضافة وسم
رقم الطلب: JS6952 .A2 L34 2019
| LEADER | 01320cam a2200313 i 4500 | ||
|---|---|---|---|
| 001 | 20653766 | ||
| 003 | OSt | ||
| 005 | 20220804120521.0 | ||
| 008 | 180831s2019 ne b 001 0 eng | ||
| 952 | |0 0 |1 0 |2 lcc |4 0 |6 JS6952 A2 L34 02019 |7 1 |9 42221 |a ARCE |b ARCE |d 2022-08-04 |l 0 |o JS6952 .A2 L34 2019 |p 1004069 |r 2022-08-04 00:00:00 |w 2022-08-04 |y BK | ||
| 999 | |c 48625 |d 48625 | ||
| 010 | |a 2018040918 | ||
| 020 | |a 9789004364509 (hardback : alkaline paper) | ||
| 040 | |c ARCE Library | ||
| 042 | |a pcc | ||
| 043 | |a a-tu--- | ||
| 050 | 4 | |a JS6952 .A2 L34 2019 | |
| 100 | 1 | |a Lafi, Nora, |e author | |
| 245 | 1 | 0 | |a Esprit civique et organisation citadine dans l'Empire ottoman (XVe-XXe siècles) / |c par Nora Lafi. |
| 264 | 1 | |a Leiden ; |a Boston : |b Brill, |c [2019]. | |
| 300 | |a xii, 360 pages ; |c 24 cm. | ||
| 490 | 0 | |a The Ottoman Empire and its heritage ; |v 64. | |
| 504 | |a Includes bibliographical references and index. | ||
| 650 | 0 | |a Municipal government |z Turkey |x History. | |
| 650 | 0 | |a Cities and towns |z Turkey |x History. | |
| 776 | 0 | 8 | |i Online version: |a Lafi, Nora, author. |t Esprit civique et organisation citadine dans l'Empire ottoman (XVe-XXe siècles) |d Leiden ; Boston : Brill, 2018 |z 9789004364516 |w (DLC) 2018042441 |
| 901 | |a reviewed | ||
| 942 | |2 lcc |c BK | ||
| 955 | |b bd05 2018-08-31 |i bd05 2018-08-31 to Dewey |a re12 2019-01-09 | ||
